01345nam a2200265Ia 450000500170000000800410001702000170005804000180007504100080009308200220010110000300012324501240015325000120027726000650028930000250035465000500037965000460042970000300047570000320050594200310053799900190056895201640058795201650075195201630091620220217113908.0210716s2007 xx 000 0 und d a978007352301 cAIMIT LIBRARY aeng a658.001 24bBRIJ aBrickley, James A.920514 aManagerial economics and organizational architecture /cBy James A. Brickley, Clifford W.Smith and Jerold L. Zimmerman. a4th ed. aNew DelhibTata McGraw Hill Publishing Company Ltd ,c2007 . axxii,732p. ;c25 cm. aDesigning Organizational Architecture.920515 aIndividual Performance Evaluation.920516 aSmith, Clifford W.920517 aZimmerman, Jerold L.920518 2ddccBKe4thk658.001 BRIJ c201882d201882 00102ddc40738MBAaAIMITbAIMITd2007-08-21g535.00iBill no:394; Bill dt:2007-08-21l0o658.001 BRIJpMBA04448r2025-07-21 00:00:00v428.00w2021-07-16yBK 00102ddc40708MBAaAIMITbAIMITd2007-10-24g475.00iBill no:7834; Bill dt:2007-10-17l0o658.001 BRIJpMBA04560r2026-05-23 00:00:00v380.00w2021-07-16yBK 00102ddc40708MBAaAIMITbAIMITd2010-05-31g535.00iBill no:25; Bill dt:2010-04-30l0o658.001 BRIJpMBA07916r2026-05-23 00:00:00v385.20w2021-07-16yBK